000 00509nam a2200193Ia 4500
005 20250205005323.0
008 240331s9999 xx 000 0 und d
020 _a0415047056
082 _bOUD
_23811
_a305.4
100 _aOuditt, S
245 0 _aFighting Forces, Writing Women:
_bIdentity and Ideology in the First World War
260 _aLondon;
_aNew York
_bRoutledge
_c1994
300 _ax, 246 p.,
650 _aWorld War I
650 _aWomen
650 _aHistory
650 _aSociety
942 _cL
999 _c4535
_d4535